| 000 | 01173nam a2200361 4500 | ||
|---|---|---|---|
| 001 | 24554 | ||
| 010 | _a9789896685829 | ||
| 021 |
_aPT _b460070/19 |
||
| 100 | _a20240807d2024 a y0pory50030103ba | ||
| 101 | 1 |
_apor _ceng |
|
| 102 | _aPT | ||
| 105 | _aa z 000fy | ||
| 106 | _ar | ||
| 200 | 1 |
_aO rapaz ao fundo da sala _fOnjali Q. Raúf _gil. Pippa Curnick _gtrad. Maria Leitão |
|
| 205 | _a11ª ed | ||
| 210 | 9 |
_aLisboa _cBooksmile _d2025 |
|
| 215 |
_a287, [1] p. _cil. _d20 cm |
||
| 304 | _aTít. orig.: The boy at the back of the class | ||
| 330 | _aUm livro sobre um tema atual, visto pelo olhar de uma criança. Uma história memorável e premiada, que salienta a importância da amizade e da bondade num mundo tantas vezes intolerante e sem sentido. Há um colega novo na turma. Ele senta-se sempre na última fila, mas não fala com ninguém nem olha para ninguém. Este rapaz enigmático e misterioso não sorri. O seu nome é Ahmet. Intrigados, quatro meninos muito especiais tentam fazer amizade com ele e conhecer a sua história. Descobrem que o Ahmet é um rapaz refugiado que foi separado da família. Ele teve de abandonar o seu país para fugir à guerra. Uma vez que nenhum adulto consegue ajudar o Ahmet a reencontrar a família, o quarteto de amigos elabora um plano audaz — nada mais do que A Melhor Ideia do Mundo — que os levará numa aventura extraordinária envolvendo a própria Rainha de Inglaterra! Um livro multipremiado: vencedor do Prémio Blue Peter para Melhor História e do Prémio Waterstones para Melhor Livro Infantil, foi ainda finalista do Prémio Jhalak e nomeado para o Carnegie na categoria de Melhor Livro Infantil. | ||
| 606 |
_aLiteratura juvenil _xConto |
||
| 606 | _aLiteratura inglesa | ||
| 675 |
_a087.5 _vBN _zpor |
||
| 675 |
_a821.111-34 _vBN _zpor |
||
| 700 | 1 |
_aRaúf _bOnjali Q. _f1981- |
|
| 702 | 1 |
_aCurnick _bPippa _4440 |
|
| 702 | 1 |
_aLeitão _bMaria _f1985- _4730 |
|
| 801 | 0 |
_aPT _bBESPB _gRPC |
|
| 090 | _a24554 | ||
| 942 |
_n0 _cMON |
||